[Event "GER-chT U18 Girls"]
[Site "Germany"]
[Date "2012.05.04"]
[Round "1.4"]
[White "Mauel, Valeria"]
[Black "Fuehrer, Anne"]
[Result "1-0"]
[WhiteElo "1051"]
[BlackElo "800"]
[PlyCount "35"]
[EventDate "2012.05.04"]
[EventType "team-swiss"]
[EventRounds "7"]
[EventCountry "GER"]
[SourceTitle "EXT 2014"]
[Source "ChessBase"]
[SourceDate "2013.11.20"]
[SourceVersion "1"]
[SourceVersionDate "2013.11.20"]
[SourceQuality "1"]
[WhiteTeam "Trier (W)"]
[BlackTeam "Broderstorf SadC (W)"]
[WhiteTeamCountry "GER"]
[BlackTeamCountry "GER"]

1. e4 e5 2. Nf3 Nf6 3. Nc3 Bc5 4. Bc4 0-0 5. d3 d6 6. Bg5 Qe8 7. Bxf6 gxf6 8. Nd5 c6 9. Nxf6+ Kh8 10. Nxe8 Rxe8 11. Bxf7 Rf8 12. Ng5 h6 13. Qh5 Rxf7 14. Nxf7+ Kh7 15. Ng5+ Kh8 16. Qe8+ Kg7 17. Qf7+ Kh8 18. Qh7# 1-0

[Event "SVR-op 34th"]
[Site "Reil"]
[Date "2011.04.21"]
[Round "4"]
[White "Mauel, Valeria"]
[Black "Scheffler, Juergen"]
[Result "0-1"]
[WhiteElo "891"]
[BlackElo "1130"]
[PlyCount "122"]
[EventDate "2011.04.16"]
[EventType "swiss"]
[EventRounds "7"]
[EventCountry "GER"]
[SourceTitle "EXT 2013"]
[Source "ChessBase"]
[SourceDate "2012.11.22"]
[SourceVersion "1"]
[SourceVersionDate "2012.11.22"]
[SourceQuality "1"]

1. e4 c5 2. Bc4 e6 3. b3 a6 4. a4 Nc6 5. Bb2 Qc7 6. Qg4 Ne5 7. Qg3 d6 8. Nf3 Ng6 9. 0-0 e5 10. Ng5 Nh6 11. Re1 Be7 12. Nc3 0-0 13. Nd5 Qd8 14. Nxe7+ Qxe7 15. c3 Kh8 16. Ba3 b6 17. Red1 Bb7 18. d4 Nf4 19. Nf3 Bxe4 20. dxe5 dxe5 21. b4 f6 22. Re1 Bc6 23. Re3 Nf5 24. Qg4 Nxe3 25. fxe3 Nd5 26. Bxd5 Bxd5 27. Qg3 Rad8 28. Qf2 Rd7 29. e4 Bxe4 30. bxc5 Qd8 31. Qe2 Bxf3 32. gxf3 bxc5 33. Bxc5 Re8 34. Rb1 Qc8 35. Qe3 Red8 36. Kf2 Rd3 37. Qxd3 Rxd3 38. Ba7 h6 39. Rb8 Qd8 40. Rxd8+ Rxd8 41. c4 Rd7 42. Bb6 Kg8 43. c5 Rd2+ 44. Ke1 Rc2 45. Kd1 Rc4 46. a5 Kf8 47. Ke2 Ke7 48. Kd1 Kd7 49. Ke2 Kc6 50. Kf2 Rc2+ 51. Kg1 f5 52. Kh1 e4 53. fxe4 fxe4 54. Kg1 e3 55. Kf1 Rxh2 56. Ke1 g5 57. Kf1 g4 58. Ke1 g3 59. Kd1 g2 60. Kc2 g1Q+ 61. Kb3 Rh4 0-1